Library Banner

Over my shoulder (Record no. 77110)

MARC details
000 -LEADER
fixed length control field 00360nam a22001457a 4500
005 - DATE AND TIME OF LATEST TRANSACTION
control field 20151007105406.0
008 - FIXED-LENGTH DATA ELEMENTS--GENERAL INFORMATION
fixed length control field 151007b xxu||||| |||| 00| 0 eng d
040 ## - CATALOGING SOURCE
Transcribing agency PK-LaUMT
082 ## - DEWEY DECIMAL CLASSIFICATION NUMBER
Classification number KHC 954.035092
Item number ALY-O
100 ## - MAIN ENTRY--PERSONAL NAME
Personal name Alys Faiz
245 ## - TITLE STATEMENT
Title Over my shoulder
Statement of responsibility, etc Alys Faiz
260 ## - PUBLICATION, DISTRIBUTION, ETC. (IMPRINT)
Place of publication, distribution, etc Lahore
Name of publisher, distributor, etc The frontier post
Date of publication, distribution, etc 1993
300 ## - PHYSICAL DESCRIPTION
Extent 448 p.
942 ## - ADDED ENTRY ELEMENTS (KOHA)
Koha item type Books
Holdings
Withdrawn status Lost status Damaged status Home library Current library Date acquired Full call number Barcode Date last seen Price effective from Koha item type
      UMT Main Campus UMT Main Campus 2015-10-07 KHC 954.035092 ALY-O 72591 2015-10-07 2015-10-07 Books